| 000 | 00553nam a2200217 a 4500 | ||
|---|---|---|---|
| 999 |
_c2070 _d2070 |
||
| 007 | ta | ||
| 008 | 200204t2010 ii a|||g |||| 00| 0 eng d | ||
| 020 |
_a9788122308471 _cRs. 80.00 |
||
| 040 |
_aKO _beng |
||
| 041 | 0 | _aeng | |
| 044 | _aii | ||
| 082 | 0 | 4 |
_223 _a808.882 _bX19 |
| 100 | 1 | _aXavier, Francis | |
| 245 | 1 | 0 |
_aThe World's Best Thought-Provoking Jokes / _cFrancis Xavier |
| 260 |
_aNew Delhi : _bPustak Mahal , _c2010. |
||
| 300 |
_a176 p. : _bill. ; _c22 cm. |
||
| 650 | 0 |
_aJokes _vTextbooks |
|
| 904 | _aReshma_R | ||
| 942 | _cBK | ||